01830nam a2200517 i 450000100060000000300090000600500170001500800390003201500170007102000150008803500230010303500360012603500140016203500210017603500230019703500440022004000280026404100130029204600090030508000110031408000120032510000410033724501310037824600570050926000560056630000390062233600270066133700540068833800280074238000160077038000230078638000270080938500390083638800100087550400260088565800260091165800340093765500350097165000310100670000380103770000290107570000380110470000310114271000410117385600980121445468KOSZ 00520191029132048.0020116s2002 pl a f po|000 0 pol aPB 2002/1636 a8320813557 a991017546529705066 a(PL-WaBN)b14745367-48omnis_nlop ab14745367 a(OCoLC)749327813 a(PL)b0000001474536 a(EXLNZ-48OMNIS_NETWORK)9910035105305606 aWA NcWA NdKOSZ 005/HR1 apolheng k1996 a005.51 a(075.8)1 aCoyle, John Josephd(1935- ).eAutor10aZarządzanie logistyczne /cJohn J. Coyle, Edward J. Bardi, C. John Langley Jr ; red. nauk. Danuta Kempny ; tł. Edyta Klosa.1 iTyt. oryg.:aManagement of business logistics,f1996 aWarszawa :bPolskie Wydawnictwo Ekonomiczne,c2002. a734, [2] s. :bil., mapy ;c24 cm. 2rdacontentaTekstbtxt 2rdamediaaBez urządzenia pośredniczącegobn 2rdacarrieraWoluminbnc aKsiążki aPublikacje naukowe aPublikacje dydaktyczne mPoziom nauczaniaaSzkoły wyższe a2001- aBibliogr. przy rozdz. aTransport i logistyka aGospodarka, ekonomia, finanse 7aPodręczniki akademickie2DBN 7aLogistyka gospodarcza2DBN1 aBardi, Edward J.d(1943- )eAutor1 aKempny, DanutaeRedakcja1 aLangley, C. JohneAutord(1946- )1 aKlosa, EdytaeTłumaczenie2 aPolskie Wydawnictwo Ekonomiczne4pbl uhttp://koha.tu.koszalin.pl/cgi-bin/koha/opac-detail.pl?biblionumber=45468yKatalog online BPK